Islam in India's transition to modernity (Record no. 112539)

MARC details
000 -LEADER
fixed length control field 00370nam a2200145Ia 4500
008 - FIXED-LENGTH DATA ELEMENTS--GENERAL INFORMATION
fixed length control field 230917s9999||||xx |||||||||||||| ||und||
040 ## - CATALOGING SOURCE
-- 59009
Original cataloging agency VIVEKANANDA LIBRARY
041 ## - Language
-- English
082 ## - DDC NUMBER
Classification number 297 K143I
100 ## - MAIN ENTRY--PERSONAL NAME
Personal name Karandikar, M A
245 #0 - TITLE STATEMENT
Title Islam in India's transition to modernity
260 ## - PUBLICATION, DISTRIBUTION, ETC. (IMPRINT)
Place of publication, distribution, etc Bombay
Name of publisher, distributor, etc Orient Longmans
Date of publication, distribution, etc 1969
300 ## - PHYSICAL DESCRIPTION
Pages xix, 414 p.
942 ## - ADDED ENTRY ELEMENTS (KOHA)
Koha item type Books
Holdings
Withdrawn status Lost status Damaged status Not for loan Location (home branch) Sublocation or collection (holding branch) Date acquired Koha issues (times borrowed) Koha full call number Accession No. Koha date last seen Koha item type
        VIVEKANANDA LIBRARY VIVEKANANDA LIBRARY 30/12/2002   297 K143I 20096 17/09/2023 Books
© Designed and Maintained by Vivekananda Library, MDU Rohtak